| 000 | 00551nam a2200193 a 4500 | ||
|---|---|---|---|
| 005 | 20230310063604.0 | ||
| 008 | 991125s1993 es 000 0 spa u | ||
| 020 | _a8448700058 | ||
| 035 | _aUPN01000016720 | ||
| 049 | _aI | ||
| 050 | 4 |
_aPR6037 T617 _bD738 |
|
| 100 | 1 |
_aStoker, Bram, _d1847-1912 _932438 |
|
| 245 | 1 | 0 |
_aDrĂ¡cula / _cBram Stoker ; tr. Flora Casas. |
| 260 |
_aBarcelona [Esp.] : _bAltaya, _c1993. |
||
| 300 |
_a367 p. : _bil |
||
| 440 | 0 |
_aBiblioteca de aventura y misterio ; _v6 |
|
| 650 | 4 |
_aNovela inglesa _94471 |
|
| 905 | _aInfantil | ||
| 999 |
_c16720 _d16720 |
||